000 00530nam a2200181 a 4500
005 20140310183509.0
008 101019s19uu xx 00 eng d
020 _a9781405168786
050 _aPN 1995.9.F36
_b.F69 2010
100 _aFowkes, Katherine A.
245 _aThe fantasy film /
_cKatherine A. Fowkes
260 _aUnited Kingdom :
_bBlackwell Publishing,
_c2010.
300 _a201 p. :
_bill. ;
_c24 cm.
521 _aMA
650 _aFantasy films
_xHistory and criticism.
942 _cBK
_2lcc
_kFOR
999 _c24138
_d24138